000 00876cam a22002897i 4500
001 768714001
003 CO-MdBIC
005 20231123112540.0
007 ta
008 231123t1981 sp ||||| |||| 00| 0 spa d
040 _bspa.
_aCO-MdFUSB
_cCO-MdFUSB
_dCO-MdFUSBC
_erda
041 _aspa
082 0 4 _aG 231 S4462t
245 1 0 _aTrinidad y misión / Simposio de Teología Trinitaria
_c/
260 _aSalamanca, España : Secretariado Trinitario
264 1 _aSalamanca, España : Secretariado Trinitario
_bSecretariado Trinitario,
_c[1981]
264 4 _c©1981
300 _a292 Pag
_c;
336 _atexto
_btxt
_2rdacontent
337 _2rdamedia
_asin mediación
_bn
338 _2rdacarrier
_avolumen
_bnc
500 _aFecha : 20 al 22 de octubre de 1980
650 7 _aTrinidad
_9177
650 7 _aTeología doctrinal
_9179
942 _cBK
945 _ajohan1477
999 _c34393
_d34393